[Event "Zuerich op-A 28th"]
[Site "Zuerich"]
[Date "2004.12.??"]
[Round "1"]
[White "Desboeufs, Michael"]
[Black "Golod, Vitali"]
[Result "0-1"]
[WhiteElo "2153"]
[BlackElo "2554"]
[PlyCount "56"]
[EventDate "2004.12.26"]
[EventType "swiss"]
[EventRounds "9"]
[EventCountry "SUI"]
[SourceTitle "EXT 2006"]
[Source "ChessBase"]
[SourceDate "2005.11.24"]
[SourceVersion "1"]
[SourceVersionDate "2005.11.24"]
[SourceQuality "1"]

1. e4 c5 2. Nf3 Nc6 3. d4 cxd4 4. Nxd4 Qb6 5. Nb3 Nf6 6. Nc3 e6 7. Be3 Qc7 8. a3 a6 9. Be2 Be7 10. 0-0 0-0 11. f4 b5 12. Bf3 d6 13. Qd2 Bb7 14. Qf2 Rac8 15. Bb6 Qb8 16. Rad1 Rfe8 17. g4 Nd7 18. Be3 Nc5 19. Nxc5 dxc5 20. Rd7 Nd4 21. f5 Bc6 22. Rxe7 Rxe7 23. f6 Rd7 24. Qh4 Qe5 25. Bg2 b4 26. Bh6 bxc3 27. Bxg7 Ne2+ 28. Kh1 Qxe4 0-1